[Event "Berlin-ch Seniors op 33rd"]
[Site "Berlin"]
[Date "2017.02.09"]
[Round "9"]
[White "Sebastian, Martin"]
[Black "Mellenthin, Horst"]
[Result "0-1"]
[WhiteElo "1987"]
[BlackElo "1844"]
[PlyCount "96"]
[EventDate "2017.01.31"]
[EventType "swiss"]
[EventRounds "9"]
[EventCountry "GER"]
[SourceTitle "EXT 2019"]
[Source "ChessBase"]
[SourceDate "2018.10.10"]
[SourceVersion "1"]
[SourceVersionDate "2018.10.10"]
[SourceQuality "1"]

1. e4 e6 2. Qe2 c5 3. g3 Nc6 4. c3 Nf6 5. Bg2 d5 6. e5 Nd7 7. f4 Be7 8. Nf3 0-0 9. 0-0 g6 10. d3 Kg7 11. Be3 Re8 12. a4 Nf8 13. Na3 Rb8 14. Qf2 Qa5 15. Nb5 Nd7 16. Nd6 Rd8 17. h4 Qc7 18. Nb5 Qa5 19. Qc2 a6 20. Na3 h5 21. Nb1 b5 22. axb5 Qxa1 23. Nbd2 Qa2 24. bxc6 Rxb2 25. Qc1 Nb6 26. Qa1 Na4 27. Qxa2 Rxa2 28. Nb3 Nxc3 29. Bxc5 Bxc5+ 30. Nxc5 Ne2+ 31. Kh2 Rc2 32. Nb7 Bxb7 33. cxb7 Rb8 34. Rb1 Rc7 35. Rb2 Nc3 36. Rb6 Rcxb7 37. Rxa6 Nb5 38. Bf1 Nc7 39. Rc6 Rb2+ 40. Kg1 Nb5 41. d4 Rb7 42. Rc5 Rb1 43. Kf2 Rb2+ 44. Be2 Na3 45. Ne1 R7b3 46. Rc7 Rb7 47. Rc5 Rd2 48. Ke3 Rbb2 0-1

[Event "Berlin-ch Seniors op 33rd"]
[Site "Berlin"]
[Date "2017.02.07"]
[Round "7"]
[White "Kasper, Peter"]
[Black "Mellenthin, Horst"]
[Result "0-1"]
[WhiteElo "1728"]
[BlackElo "1844"]
[PlyCount "60"]
[EventDate "2017.01.31"]
[EventType "swiss"]
[EventRounds "9"]
[EventCountry "GER"]
[SourceTitle "EXT 2019"]
[Source "ChessBase"]
[SourceDate "2018.10.10"]
[SourceVersion "1"]
[SourceVersionDate "2018.10.10"]
[SourceQuality "1"]

1. e4 e6 2. d4 d5 3. exd5 exd5 4. Nf3 Bd6 5. Bd3 Ne7 6. 0-0 Bf5 7. Bxf5 Nxf5 8. Re1+ Ne7 9. Qd3 Nd7 10. Qb5 0-0 11. Qxb7 Nb6 12. Qa6 Qd7 13. b3 Nf5 14. a4 Rfe8 15. Bd2 Rxe1+ 16. Bxe1 Re8 17. Qd3 Qe6 18. Nbd2 Nd7 19. Nf1 Qe4 20. Qd1 Nf6 21. Bc3 Qg4 22. Qd3 Ne4 23. Ne5 Bxe5 24. f3 Qg6 25. dxe5 Nxc3 26. Qxc3 Qb6+ 27. Kh1 Qf2 28. Qxc7 Nh4 29. Ne3 Qxe3 30. e6 Qxe6 0-1

[Event "Berlin-ch Seniors op 33rd"]
[Site "Berlin"]
[Date "2017.02.02"]
[Round "3"]
[White "Albrecht, Rainer"]
[Black "Mellenthin, Horst"]
[Result "1-0"]
[WhiteElo "2038"]
[BlackElo "1844"]
[PlyCount "63"]
[EventDate "2017.01.31"]
[EventType "swiss"]
[EventRounds "9"]
[EventCountry "GER"]
[SourceTitle "EXT 2019"]
[Source "ChessBase"]
[SourceDate "2018.10.10"]
[SourceVersion "1"]
[SourceVersionDate "2018.10.10"]
[SourceQuality "1"]

1. d4 Nf6 2. c4 e6 3. Nc3 c5 4. d5 exd5 5. cxd5 d6 6. Nf3 g6 7. h3 Bg7 8. e4 0-0 9. Bd3 a6 10. a4 Re8 11. 0-0 Nbd7 12. Re1 Ne5 13. Nxe5 dxe5 14. Bg5 h6 15. Be3 Qd6 16. Qd2 Kh7 17. a5 Bd7 18. Na4 Bxa4 19. Rxa4 Nd7 20. Rc1 Rac8 21. Rac4 Bf8 22. b4 b6 23. axb6 Qxb6 24. Qc2 Qf6 25. bxc5 Qh4 26. f3 Nf6 27. Qf2 Qxf2+ 28. Kxf2 Rb8 29. R1c2 Rb3 30. R4c3 Rxc3 31. Rxc3 Rc8 32. Bxa6 1-0

[Event "Berlin-ch Seniors op 33rd"]
[Site "Berlin"]
[Date "2017.01.31"]
[Round "1"]
[White "Gaul, Karl Heinz"]
[Black "Mellenthin, Horst"]
[Result "0-1"]
[WhiteElo "1546"]
[BlackElo "1844"]
[PlyCount "96"]
[EventDate "2017.01.31"]
[EventType "swiss"]
[EventRounds "9"]
[EventCountry "GER"]
[SourceTitle "EXT 2019"]
[Source "ChessBase"]
[SourceDate "2018.10.10"]
[SourceVersion "1"]
[SourceVersionDate "2018.10.10"]
[SourceQuality "1"]

1. d4 Nf6 2. Nc3 d5 3. Bf4 e6 4. e3 Be7 5. Bd3 Bd7 6. Nf3 0-0 7. Bg5 c5 8. dxc5 Qa5 9. Bxf6 Bxf6 10. 0-0 Nc6 11. a3 Qxc5 12. Ne2 e5 13. b4 Qb6 14. Nc3 Be6 15. e4 d4 16. Na4 Qc7 17. Nc5 Bg4 18. h3 Bxf3 19. Qxf3 Be7 20. g4 Bxc5 21. bxc5 Ne7 22. Rfe1 Qxc5 23. a4 Ng6 24. Rab1 b6 25. Rb5 Qe7 26. Qg3 Qg5 27. Rf1 Rac8 28. h4 Qxh4 29. Qxh4 Nxh4 30. f4 exf4 31. Rxf4 Ng6 32. Rf2 Rfe8 33. Rd5 Rcd8 34. Bc4 Ne5 35. Rxe5 Rxe5 36. Rxf7 Kh8 37. Bd5 Rg5 38. Be6 h5 39. Rxa7 hxg4 40. Rb7 Rc5 41. Rxb6 Rxc2 42. Bxg4 d3 43. Rb3 d2 44. Rh3+ Kg8 45. Be6+ Kf8 46. Rf3+ Ke7 47. Bg4 d1Q+ 48. Rf1 Qxg4+ 0-1

[Event "Berlin-ch Seniors op 31st"]
[Site "Berlin"]
[Date "2015.02.04"]
[Round "6"]
[White "Prix, Siegfried"]
[Black "Mellenthin, Horst"]
[Result "1/2-1/2"]
[WhiteElo "1652"]
[BlackElo "1719"]
[PlyCount "38"]
[EventDate "2015.01.29"]
[EventType "swiss"]
[EventRounds "9"]
[EventCountry "GER"]
[SourceTitle "EXT 2018"]
[Source "ChessBase"]
[SourceDate "2017.10.13"]
[SourceVersion "1"]
[SourceVersionDate "2017.10.13"]
[SourceQuality "1"]

1. e4 c6 2. d4 d5 3. exd5 cxd5 4. Bd3 Nc6 5. c3 Nf6 6. h3 e6 7. Nf3 Be7 8. 0-0 0-0 9. Bf4 Bd6 10. Bxd6 Qxd6 11. Re1 Re8 12. Ne5 g6 13. Qf3 Qe7 14. Nd2 Nxe5 15. dxe5 Nd7 16. Qe3 Nc5 17. Bc2 Bd7 18. Nf3 Na4 19. Rab1 Kg7 1/2-1/2

[Event "Berlin-ch Seniors op 31st"]
[Site "Berlin"]
[Date "2015.01.29"]
[Round "1"]
[White "Mellenthin, Horst"]
[Black "Schulz, Manfred"]
[Result "1/2-1/2"]
[WhiteElo "1719"]
[BlackElo "1369"]
[PlyCount "62"]
[EventDate "2015.01.29"]
[EventType "swiss"]
[EventRounds "9"]
[EventCountry "GER"]
[SourceTitle "EXT 2018"]
[Source "ChessBase"]
[SourceDate "2017.10.13"]
[SourceVersion "1"]
[SourceVersionDate "2017.10.13"]
[SourceQuality "1"]

1. c4 b6 2. Nf3 e6 3. g3 Bb7 4. Bg2 Nf6 5. 0-0 d5 6. cxd5 exd5 7. d4 Nbd7 8. Nc3 Be7 9. Bg5 0-0 10. Rc1 h6 11. Bxf6 Nxf6 12. Ne5 c6 13. e4 dxe4 14. Nxe4 Rc8 15. Nxf6+ Bxf6 16. Qa4 Bxe5 17. dxe5 Qe7 18. Qxa7 Ra8 19. Qxb6 Rxa2 20. Rfe1 Rd8 21. Bxc6 Bxc6 22. Rxc6 Rd2 23. Qb8+ Kh7 24. Rb1 Re2 25. Qb3 Qd7 26. Qxa2 Qxc6 27. Qxf7 Qe4 28. Rf1 Qxe5 29. b4 Rb2 30. Qf8 Qe4 31. h4 Rxb4 1/2-1/2

[Event "GER-ch Seniors"]
[Site "Dresden"]
[Date "2012.08.16"]
[Round "8"]
[White "Mellenthin, Horst"]
[Black "Thuma, Horst"]
[Result "1/2-1/2"]
[WhiteElo "1890"]
[BlackElo "1778"]
[PlyCount "21"]
[EventDate "2012.08.09"]
[EventType "swiss"]
[EventRounds "9"]
[EventCountry "GER"]
[SourceTitle "EXT 2014"]
[Source "ChessBase"]
[SourceDate "2013.11.20"]
[SourceVersion "1"]
[SourceVersionDate "2013.11.20"]
[SourceQuality "1"]

1. d4 Nf6 2. Nf3 g6 3. g3 Bg7 4. Bg2 0-0 5. 0-0 d5 6. Nbd2 Nc6 7. b3 Ne8 8. Bb2 Bg4 9. h3 Bc8 10. e3 e6 11. Nh2 1/2-1/2

[Event "GER-ch Seniors"]
[Site "Dresden"]
[Date "2012.08.15"]
[Round "7"]
[White "Ott, Herbert"]
[Black "Mellenthin, Horst"]
[Result "1/2-1/2"]
[WhiteElo "1693"]
[BlackElo "1890"]
[PlyCount "29"]
[EventDate "2012.08.09"]
[EventType "swiss"]
[EventRounds "9"]
[EventCountry "GER"]
[SourceTitle "EXT 2014"]
[Source "ChessBase"]
[SourceDate "2013.11.20"]
[SourceVersion "1"]
[SourceVersionDate "2013.11.20"]
[SourceQuality "1"]

1. e4 c5 2. Nf3 e6 3. d4 cxd4 4. Nxd4 Nf6 5. f3 Nc6 6. Nxc6 bxc6 7. Be3 d5 8. Bd3 dxe4 9. fxe4 Nxe4 10. Qf3 Nf6 11. Qxc6+ Bd7 12. Qf3 Bb4+ 13. c3 Be7 14. 0-0 0-0 15. Nd2 1/2-1/2

[Event "GER-ch Seniors"]
[Site "Dresden"]
[Date "2012.08.13"]
[Round "5"]
[White "Flockerzi, Armin"]
[Black "Mellenthin, Horst"]
[Result "1-0"]
[WhiteElo "1844"]
[BlackElo "1890"]
[PlyCount "81"]
[EventDate "2012.08.09"]
[EventType "swiss"]
[EventRounds "9"]
[EventCountry "GER"]
[SourceTitle "EXT 2014"]
[Source "ChessBase"]
[SourceDate "2013.11.20"]
[SourceVersion "1"]
[SourceVersionDate "2013.11.20"]
[SourceQuality "1"]

1. Nf3 d5 2. d4 Nf6 3. Nbd2 e6 4. a3 Be7 5. e3 Nbd7 6. c4 0-0 7. Qc2 c5 8. dxc5 Nxc5 9. b4 Nce4 10. Nxe4 Nxe4 11. Bb2 Qc7 12. Bd3 f5 13. Rc1 Bf6 14. 0-0 Bd7 15. Bxf6 Nxf6 16. Qb2 Qd8 17. Ne5 Qe7 18. h3 Rac8 19. Rfd1 Rfd8 20. c5 Be8 21. Rd2 Nd7 22. Rdc2 Nxe5 23. Qxe5 Kf7 24. b5 Qc7 25. Qxc7+ Rxc7 26. a4 d4 27. exd4 Rxd4 28. Bc4 Kf6 29. Bb3 a6 30. b6 Rc8 31. Rc4 Rxc4 32. Rxc4 Bc6 33. Rc1 Rd8 34. Bd1 Rd4 35. Bf3 Bxf3 36. gxf3 Rxa4 37. c6 bxc6 38. Rb1 Rd4 39. b7 Rd8 40. b8Q Rxb8 41. Rxb8 1-0

[Event "GER-ch Seniors"]
[Site "Dresden"]
[Date "2012.08.12"]
[Round "4"]
[White "Mellenthin, Horst"]
[Black "Ast, Erwin"]
[Result "1/2-1/2"]
[WhiteElo "1890"]
[BlackElo "1734"]
[PlyCount "34"]
[EventDate "2012.08.09"]
[EventType "swiss"]
[EventRounds "9"]
[EventCountry "GER"]
[SourceTitle "EXT 2014"]
[Source "ChessBase"]
[SourceDate "2013.11.20"]
[SourceVersion "1"]
[SourceVersionDate "2013.11.20"]
[SourceQuality "1"]

1. d4 d5 2. c4 c6 3. cxd5 cxd5 4. Nf3 Nc6 5. Nc3 e6 6. Bf4 Bd6 7. Bxd6 Qxd6 8. e3 a6 9. Be2 Nf6 10. 0-0 0-0 11. Rc1 Bd7 12. Re1 Na7 13. Ne5 Nc6 14. f4 Qe7 15. Nxc6 Bxc6 16. Bd3 Rac8 17. Qd2 Rc7 1/2-1/2

[Event "GER-ch Seniors"]
[Site "Dresden"]
[Date "2012.08.11"]
[Round "3"]
[White "Helbig, Christoph"]
[Black "Mellenthin, Horst"]
[Result "0-1"]
[WhiteElo "1791"]
[BlackElo "1890"]
[PlyCount "42"]
[EventDate "2012.08.09"]
[EventType "swiss"]
[EventRounds "9"]
[EventCountry "GER"]
[SourceTitle "EXT 2014"]
[Source "ChessBase"]
[SourceDate "2013.11.20"]
[SourceVersion "1"]
[SourceVersionDate "2013.11.20"]
[SourceQuality "1"]

1. Nf3 d5 2. c4 e6 3. b3 Be7 4. Bb2 Bf6 5. d4 Ne7 6. g3 b6 7. Bg2 Bb7 8. 0-0 Nd7 9. Nbd2 0-0 10. Ne1 c5 11. e3 Nf5 12. Qc2 cxd4 13. cxd5 dxe3 14. fxe3 Nxe3 15. Bxf6 Nxf6 16. Qd3 Nxf1 17. Qxf1 Bxd5 18. Rd1 Bxg2 19. Nxg2 Qd4+ 20. Kh1 Ng4 21. Nf3 Qxd1 0-1

[Event "Niedersachsen-ch Seniors op 14th"]
[Site "Bad Bevensen"]
[Date "2011.07.05"]
[Round "1"]
[White "Kuhnert, Werner Eberhard"]
[Black "Mellenthin, Horst"]
[Result "1/2-1/2"]
[WhiteElo "1341"]
[BlackElo "1681"]
[PlyCount "33"]
[EventDate "2011.07.05"]
[EventType "swiss"]
[EventRounds "9"]
[EventCountry "GER"]
[SourceTitle "EXT 2012"]
[Source "ChessBase"]
[SourceDate "2011.11.24"]
[SourceVersion "1"]
[SourceVersionDate "2011.11.24"]
[SourceQuality "1"]

1. d4 Nf6 2. c4 e6 3. Nc3 Bb4 4. Bg5 d5 5. Nf3 h6 6. Bh4 Nbd7 7. e3 Be7 8. Bd3 c6 9. 0-0 0-0 10. Qc2 dxc4 11. Bxc4 Nb6 12. Bb3 Nfd5 13. Bxe7 Qxe7 14. a3 Nxc3 15. Qxc3 Nd5 16. Qc1 Nf6 17. Bc2 1/2-1/2

[Event "Berlin-ch Seniors op 27th"]
[Site "Berlin"]
[Date "2011.02.06"]
[Round "9"]
[White "Pfueller, Volker"]
[Black "Mellenthin, Horst"]
[Result "0-1"]
[WhiteElo "1609"]
[BlackElo "1768"]
[PlyCount "55"]
[EventDate "2011.01.29"]
[EventType "swiss"]
[EventRounds "9"]
[EventCountry "GER"]
[SourceTitle "EXT 2012"]
[Source "ChessBase"]
[SourceDate "2011.11.24"]
[SourceVersion "1"]
[SourceVersionDate "2011.11.24"]
[SourceQuality "1"]

1. b4 Nf6 2. Bb2 e6 3. b5 d5 4. e3 Be7 5. c4 0-0 6. Be2 b6 7. cxd5 Nxd5 8. Nf3 Nd7 9. 0-0 Bb7 10. a4 a5 11. d3 Bf6 12. d4 Re8 13. e4 Nf4 14. e5 Nxe2+ 15. Qxe2 Be7 16. Rc1 Rc8 17. Nbd2 Bb4 18. Bc3 Be7 19. h3 Nf8 20. Ra2 Ng6 21. Qe3 Nh4 22. Nxh4 Bxh4 23. Nf3 Bxf3 24. Qxf3 Bg5 25. Rcc2 Qd7 26. Qe4 Red8 27. Qg4 Be7 28. h4 0-1

[Event "Niedersachsen-ch Seniors op 13th"]
[Site "Bad Bevensen"]
[Date "2010.07.12"]
[Round "7"]
[White "Diskin, Semen"]
[Black "Mellenthin, Horst"]
[Result "1/2-1/2"]
[WhiteElo "1766"]
[BlackElo "1736"]
[PlyCount "66"]
[EventDate "2010.07.06"]
[EventType "swiss"]
[EventRounds "9"]
[EventCountry "GER"]
[SourceTitle "EXT 2012"]
[Source "ChessBase"]
[SourceDate "2011.11.24"]
[SourceVersion "1"]
[SourceVersionDate "2011.11.24"]
[SourceQuality "1"]

1. c4 e5 2. Nf3 Nc6 3. d3 d6 4. g3 Nf6 5. Bg2 Be7 6. Bd2 a5 7. 0-0 0-0 8. Nc3 h6 9. Rc1 Be6 10. e4 Bg4 11. h3 Bxf3 12. Bxf3 Nd4 13. Bg2 Nd7 14. f4 Nc5 15. Be3 Nde6 16. Ne2 Nd7 17. Qd2 c5 18. g4 exf4 19. Bxf4 Nxf4 20. Nxf4 Bg5 21. d4 Qb6 22. Rcd1 Rad8 23. b3 f6 24. dxc5 Qxc5+ 25. Qd4 Bxf4 26. Rxf4 Ne5 27. Kh2 Qxd4 28. Rxd4 Kf7 29. Rf1 Ke7 30. Kg3 Rc8 31. Rfd1 Rfd8 32. Bf1 b6 33. Be2 Nc6 1/2-1/2

[Event "Niedersachsen-ch Seniors op 13th"]
[Site "Bad Bevensen"]
[Date "2010.07.08"]
[Round "3"]
[White "Schumacher, Gottfried"]
[Black "Mellenthin, Horst"]
[Result "1/2-1/2"]
[WhiteElo "2200"]
[BlackElo "1736"]
[PlyCount "93"]
[EventDate "2010.07.06"]
[EventType "swiss"]
[EventRounds "9"]
[EventCountry "GER"]
[SourceTitle "EXT 2012"]
[Source "ChessBase"]
[SourceDate "2011.11.24"]
[SourceVersion "1"]
[SourceVersionDate "2011.11.24"]
[SourceQuality "1"]

1. d4 d5 2. g3 Nf6 3. Bg2 Bf5 4. Nf3 e6 5. 0-0 Bd6 6. Nh4 Bg6 7. c4 c6 8. Nc3 Nbd7 9. Bg5 Be7 10. Rc1 0-0 11. Nxg6 hxg6 12. cxd5 exd5 13. Qc2 Re8 14. Rfd1 Nb6 15. b3 Nh7 16. Bxe7 Qxe7 17. a4 a5 18. e3 Nf6 19. Ne2 Ne4 20. Nf4 g5 21. Nd3 Nd7 22. Bxe4 Qxe4 23. Qd2 Re6 24. Qe2 g6 25. h3 Kg7 26. Qg4 Qxg4 27. hxg4 Re4 28. Kg2 Re6 29. Re1 Rae8 30. Rb1 Ra8 31. Rec1 Kf8 32. b4 axb4 33. Rxb4 b6 34. Ra1 Ra5 35. Rab1 Kg7 36. Kf3 Re8 37. Ke2 Rea8 38. Rc1 c5 39. dxc5 bxc5 40. Rbb1 Rxa4 41. Nxc5 Ra2+ 42. Kf1 Nxc5 43. Rxc5 Rd2 44. Kg2 Raa2 45. Rf1 Kf6 46. Rc7 Ke6 47. Rb7 1/2-1/2

[Event "Niedersachsen-ch Seniors op 13th"]
[Site "Bad Bevensen"]
[Date "2010.07.07"]
[Round "2"]
[White "Mellenthin, Horst"]
[Black "Preiss, Lore"]
[Result "1-0"]
[WhiteElo "1736"]
[BlackElo "1487"]
[PlyCount "47"]
[EventDate "2010.07.06"]
[EventType "swiss"]
[EventRounds "9"]
[EventCountry "GER"]
[SourceTitle "EXT 2012"]
[Source "ChessBase"]
[SourceDate "2011.11.24"]
[SourceVersion "1"]
[SourceVersionDate "2011.11.24"]
[SourceQuality "1"]

1. d4 d5 2. c4 Nf6 3. cxd5 Qxd5 4. Nc3 Qd8 5. e4 e6 6. Nf3 Be7 7. Be2 0-0 8. 0-0 c6 9. h3 Qc7 10. Be3 Nbd7 11. Rc1 Qd8 12. Qc2 g6 13. Rfd1 Re8 14. d5 exd5 15. exd5 Nxd5 16. Nxd5 cxd5 17. Rxd5 Bf6 18. Rcd1 Qe7 19. Bb5 Rd8 20. Qd2 Qe8 21. Bxd7 Bxd7 22. Rxd7 Rxd7 23. Qxd7 Qe4 24. Bh6 1-0

[Event "Berlin-ch Seniors op 26th"]
[Site "Berlin"]
[Date "2010.02.16"]
[Round "8"]
[White "Ermann, Georg"]
[Black "Mellenthin, Horst"]
[Result "0-1"]
[WhiteElo "1600"]
[BlackElo "1681"]
[PlyCount "62"]
[EventDate "2010.02.09"]
[EventType "swiss"]
[EventRounds "9"]
[EventCountry "GER"]
[SourceTitle "EXT 2012"]
[Source "ChessBase"]
[SourceDate "2011.11.24"]
[SourceVersion "1"]
[SourceVersionDate "2011.11.24"]
[SourceQuality "1"]

1. Nf3 d5 2. d4 Nf6 3. Bf4 Bf5 4. h3 e6 5. e3 Bd6 6. Ne5 Bxe5 7. Bxe5 Nbd7 8. Bg3 0-0 9. Bh4 Qe7 10. c3 Qd6 11. Nd2 Qb6 12. Nb3 a5 13. Qc1 a4 14. Nd2 Ne4 15. Nxe4 Bxe4 16. f3 Bg6 17. Qd2 c5 18. dxc5 Nxc5 19. Be2 Na6 20. Bf2 Qa5 21. h4 h5 22. g4 f6 23. Bd3 Bxd3 24. Qxd3 f5 25. gxf5 Rxf5 26. f4 Nc5 27. Qc2 Qb5 28. 0-0-0 Ne4 29. Rh2 a3 30. b3 Nxc3 31. Qd2 Ne2+ 0-1

[Event "Mecklenburg VP-ch Seniors op 09th"]
[Site "Binz"]
[Date "2009.12.04"]
[Round "4.44"]
[White "Koehler, Marianne"]
[Black "Mellenthin, Horst"]
[Result "0-1"]
[WhiteElo "1415"]
[BlackElo "1693"]
[PlyCount "98"]
[EventDate "2009.12.01"]
[EventType "swiss"]
[EventRounds "9"]
[EventCountry "GER"]
[SourceTitle "EXT 2022"]
[Source "ChessBase"]
[SourceDate "2021.10.06"]
[SourceVersion "1"]
[SourceVersionDate "2021.10.06"]
[SourceQuality "1"]

1. e4 e6 2. Nf3 d5 3. exd5 exd5 4. Be2 Nf6 5. d3 Be7 6. Bd2 Nc6 7. a3 Bg4 8. h3 Bxf3 9. Bxf3 Nd4 10. c3 Nxf3+ 11. Qxf3 Qd7 12. Bf4 Qe6+ 13. Qe3 Qxe3+ 14. fxe3 0-0-0 15. Nd2 Rhe8 16. g4 h6 17. Bg3 Bc5 18. d4 Bd6 19. Bxd6 Rxd6 20. Nf1 Ne4 21. Rh2 Rf6 22. Ke2 Rb6 23. Kd3 Rf6 24. Ke2 Ree6 25. Re1 Rb6 26. Kd3 Rf2 27. Rxf2 Nxf2+ 28. Kc2 Rxb2+ 29. Kxb2 Nd3+ 30. Kb3 Nxe1 31. Ng3 g6 32. e4 dxe4 33. Nxe4 f5 34. gxf5 gxf5 35. Nf2 Kd7 36. a4 Ke6 37. Kc4 Kd6 38. a5 a6 39. Nd1 Ng2 40. Nf2 Nf4 41. Nd1 Nxh3 42. Ne3 Ke6 43. Kc5 f4 44. Nf1 Ng5 45. c4 Ne4+ 46. Kb4 f3 47. Ne3 Ng3 48. c5 f2 49. d5+ Kd7 0-1

[Event "GER-ch Seniors 21st"]
[Site "Dresden"]
[Date "2009.08.07"]
[Round "6"]
[White "Bischof, Rainer"]
[Black "Mellenthin, Horst"]
[Result "1/2-1/2"]
[WhiteElo "2007"]
[BlackElo "1943"]
[PlyCount "40"]
[EventDate "2009.08.03"]
[EventType "swiss"]
[EventRounds "9"]
[EventCountry "GER"]
[SourceTitle "CBM 131 Extra"]
[Source "ChessBase"]
[SourceDate "2009.09.03"]
[SourceVersion "2"]
[SourceVersionDate "2009.09.16"]
[SourceQuality "1"]

1. e4 e6 2. d3 d5 3. Nd2 Nf6 4. Ngf3 dxe4 5. dxe4 Bc5 6. Bc4 Nc6 7. 0-0 0-0 8. Qe2 e5 9. h3 h6 10. c3 a5 11. a4 Qe7 12. Re1 Bd6 13. Nf1 Be6 14. Bxe6 Qxe6 15. Ng3 Ne7 16. Nh4 Kh7 17. Nhf5 Nxf5 18. Nxf5 Ng8 19. Be3 Rfd8 20. Red1 g6 1/2-1/2

[Event "GER-ch Seniors 21st"]
[Site "Dresden"]
[Date "2009.08.05"]
[Round "4"]
[White "Berndt, Walter"]
[Black "Mellenthin, Horst"]
[Result "0-1"]
[WhiteElo "2157"]
[BlackElo "1943"]
[PlyCount "80"]
[EventDate "2009.08.03"]
[EventType "swiss"]
[EventRounds "9"]
[EventCountry "GER"]
[SourceTitle "CBM 131 Extra"]
[Source "ChessBase"]
[SourceDate "2009.09.03"]
[SourceVersion "2"]
[SourceVersionDate "2009.09.16"]
[SourceQuality "1"]

1. e4 e6 2. d4 d5 3. e5 c5 4. c3 Nc6 5. Nf3 Qb6 6. a3 Bd7 7. Be2 Nge7 8. b4 cxd4 9. cxd4 Nf5 10. Bb2 Be7 11. 0-0 0-0 12. b5 Na5 13. Nc3 Rac8 14. Rc1 Nc4 15. Bxc4 Rxc4 16. a4 Nxd4 17. Nd2 Rcc8 18. Ndb1 Nf5 19. Nd2 Rfd8 20. Nf3 a6 21. Ba1 axb5 22. axb5 Bb4 23. Qb3 Bxc3 24. Bxc3 Qxb5 25. Qd1 Qa4 26. Qd2 Bb5 27. Ra1 Qc4 28. Rfc1 Qd3 29. Qb2 Ba6 30. h3 Rc6 31. Kh2 Rdc8 32. Ne1 Qe2 33. Rc2 Qb5 34. Qc1 d4 35. Rb1 Qxe5+ 36. f4 Qd5 37. Bd2 Rxc2 38. Nxc2 d3 39. Nb4 Rxc1 40. Rxc1 Qd8 0-1